=LDR 00000nam 2200000 4500 =001 INLIS000000000003961 =005 20130612092245 =008 ***********************************Ind** =035 ##$$0010-061300000003961 =041 ##$$a Ind =082 ##$$a 959.8 =090 ##$$a 959.8, Suh s =100 ##$$a Suharto, R =245 ##$$a Saksi sejarah, mengikuti perjuangan Dwitunggal, DR.R.Soeharto =260 ##$$a 1982 $b Jakarta =300 ##$$a x, 244 hlm., ilus., 21 cm =650 ##$$a Indonesia =650 ##$$a Sejarah =850 ##$$a NBPNMAT =990 ##$$a 2090100711/BPAP-NTB/2015